Score 0/20 Timer 02:00
102 Plays Today
% Correct
Leaf
89.1%
Crane
88.8%
Hold
88.8%
Crane
88.5%
Buffet
88.2%
Tire
87.3%
Magazine
85.6%
Spirit
84.5%
Board
82.5%
Tire
82.4%
% Correct
Sanction
81.4%
Foil
80.7%
Sanction
80.4%
Magazine
78.6%
Board
78.6%
Spirit
77.3%
Hold
67.5%
Leaf
65.2%
Foil
60.6%
Buffet
44.1%
Remove Ads.
Support Sporcle.
Get the best of Sporcle when you Go Orange. This ad-free experience offers more features, more stats, and more fun while also helping to support Sporcle. Thank you for becoming a member.

You're not logged in!

Compare scores with friends on all Sporcle quizzes.
OR
Log In

Sporcle TV

Today on Sporcle TV


Watch our educational content, quiz creation guides, and fun videos on Sporcle TV.

Show Comments

Extras

Top Quizzes Today


Score Distribution

Paid Content

Your Account Isn't Verified!

In order to create a playlist on Sporcle, you need to verify the email address you used during registration. Go to your Sporcle Settings to finish the process.

Report this User

Report this user for behavior that violates our Community Guidelines.

Details: